[Event "Mundial Juvenil femenino 2005 s12"]
[Site "Belfort FRA"]
[Date "2005.07.26"]
[Round "7.12"]
[White "Hakimifard, Ghazal"]
[Black "Williams, Jordana"]
[Result "1-0"]
[WhiteElo "1599"]
[BlackElo "1599"]
[PlyCount "105"]
[EventDate "2005.07.19"]
[EventType "swiss"]
[EventRounds "11"]
[EventCountry "FRA"]
[Source "lmi"]
[SourceDate "2005.07.31"]

1. e4 e5 2. Nf3 Nc6 3. d4 exd4 4. Nxd4 Nf6 5. Nxc6 bxc6 6. e5 Qe7 7. Qe2 Nd5 8.
c4 Nb6 9. Nc3 d6 10. Bf4 Bd7 11. Rd1 dxe5 12. Qxe5 Qxe5+ 13. Bxe5 Rc8 14. Bd3
f6 15. Bg3 Bb4 16. O-O O-O 17. Ne4 Bf5 18. a3 Be7 19. Rfe1 Kh8 20. Nxf6 Bxd3
21. Rxe7 Bxc4 22. Nh5 Nd5 23. Re4 Bb5 24. a4 Ba6 25. Rc1 Bb7 26. Be5 Rf7 27.
Rg4 Rg8 28. Re1 Nf6 29. Bxf6 gxf6 30. Rxg8+ Kxg8 31. Re8+ Rf8 32. Nxf6+ Kf7 33.
Rxf8+ Kxf8 34. Nxh7+ Kg7 35. Ng5 Kg6 36. h4 Bc8 37. f3 a5 38. g4 c5 39. Kg2 c4
40. Ne4 Bd7 41. Nc3 Bc6 42. Kg3 Bd7 43. f4 Bc8 44. f5+ Kf6 45. Kf4 Bb7 46. g5+
Kg7 47. h5 Bc8 48. Ke5 Bd7 49. h6+ Kh7 50. Ne4 Bxa4 51. Nf6+ Kh8 52. g6 Bc2 53.
g7# 1-0

[Event "Mundial Juvenil femenino 2005 s12"]
[Site "Belfort FRA"]
[Date "2005.07.26"]
[Round "7.13"]
[White "Pavlidou, Ekaterini"]
[Black "Jimenez Lupianez, Laura"]
[Result "1/2-1/2"]
[WhiteElo "1970"]
[BlackElo "1599"]
[PlyCount "93"]
[EventDate "2005.07.19"]
[EventType "swiss"]
[EventRounds "11"]
[EventCountry "FRA"]
[Source "lmi"]
[SourceDate "2005.07.31"]

1. d4 d5 2. c4 c6 3. Nd2 Nf6 4. e3 Bf5 5. Ngf3 e6 6. Be2 Nbd7 7. O-O Bd6 8. b3
O-O 9. Bb2 Qe7 10. Ne5 Ne8 11. Ndf3 Nxe5 12. dxe5 Ba3 13. Bxa3 Qxa3 14. Nh4 Qa5
15. Nxf5 exf5 16. cxd5 Rd8 17. Bf3 cxd5 18. Qd3 g6 19. h4 Nc7 20. h5 Rfe8 21.
Rac1 Ne6 22. Qc3 Qxc3 23. Rxc3 Ng5 24. hxg6 fxg6 25. Rc7 Kf8 26. Rxb7 Re7 27.
Rb5 Nxf3+ 28. gxf3 Rxe5 29. Rd1 Ke7 30. f4 Re6 31. Rdxd5 Rxd5 32. Rxd5 Rd6 33.
Rxd6 Kxd6 34. a3 Kd5 35. f3 h6 36. Kf2 g5 37. fxg5 hxg5 38. Kg3 Ke5 39. f4+ Ke4
40. fxg5 Kxe3 41. g6 f4+ 42. Kg4 f3 43. g7 f2 44. g8=Q f1=Q 45. Qe6+ Kd2 46.
Qh6+ Kc3 47. Qg7+ 1/2-1/2

[Event "Mundial Juvenil femenino 2005 s12"]
[Site "Belfort FRA"]
[Date "2005.07.26"]
[Round "7.14"]
[White "Edes, Zsofia"]
[Black "Baciu, Diana"]
[Result "1/2-1/2"]
[WhiteElo "1599"]
[BlackElo "1849"]
[PlyCount "59"]
[EventDate "2005.07.19"]
[EventType "swiss"]
[EventRounds "11"]
[EventCountry "FRA"]
[Source "lmi"]
[SourceDate "2005.07.31"]

1. e4 c5 2. c3 e6 3. d4 cxd4 4. cxd4 d6 5. Nc3 Ne7 6. Nf3 g6 7. Bg5 Bg7 8. Qd2
O-O 9. Bd3 b6 10. Rc1 Ba6 11. O-O Bxd3 12. Qxd3 h6 13. Bxe7 Qxe7 14. Rfe1 a6
15. Rc2 Nc6 16. a3 Rfc8 17. Rec1 Qb7 18. Ne2 Ne7 19. Nd2 b5 20. Nc3 Rc7 21. Nb3
Rac8 22. Nd2 Qb6 23. Nf3 g5 24. h3 Ng6 25. g3 Ne7 26. Kf1 f5 27. e5 dxe5 28.
dxe5 g4 29. hxg4 fxg4 30. Nd2 1/2-1/2

[Event "Mundial Juvenil femenino 2005 s12"]
[Site "Belfort FRA"]
[Date "2005.07.26"]
[Round "7.15"]
[White "Messina, Roberta"]
[Black "Langnerova, Karolina"]
[Result "1-0"]
[WhiteElo "1845"]
[BlackElo "1599"]
[PlyCount "111"]
[EventDate "2005.07.19"]
[EventType "swiss"]
[EventRounds "11"]
[EventCountry "FRA"]
[Source "lmi"]
[SourceDate "2005.07.31"]

1. e4 c5 2. Nf3 e6 3. d4 cxd4 4. Nxd4 Nf6 5. Bd3 Nc6 6. Nb3 d5 7. exd5 Nxd5 8.
O-O Bd6 9. Bd2 Bd7 10. Nc3 O-O 11. Nxd5 exd5 12. Qh5 g6 13. Qxd5 Be6 14. Qg5
Qc7 15. h3 Be5 16. Rab1 Rfd8 17. Qe3 Rac8 18. Qe2 Re8 19. Qd1 Bd5 20. Kh1 Qd7
21. Kg1 Qd6 22. f4 Bd4+ 23. Nxd4 Nxd4 24. b3 Qc6 25. Rf2 Rc7 26. c4 Be6 27. Bc3
Nf5 28. Qf3 Qxf3 29. Rxf3 Nh4 30. Rf2 Rd7 31. Bc2 Nf5 32. Re1 Rdd8 33. Rfe2 Bd7
34. Rxe8+ Rxe8 35. Rxe8+ Bxe8 36. Kf2 Kf8 37. g4 Ne7 38. Bb4 Bc6 39. f5 gxf5
40. Bxf5 h6 41. Ke3 Ke8 42. Bxe7 Kxe7 43. Be4 Ke6 44. Bxc6 bxc6 45. Ke4 f6 46.
b4 a6 47. a4 Kd6 48. Kf5 c5 49. b5 axb5 50. axb5 Ke7 51. b6 Kd7 52. Kxf6 Kc6
53. Ke5 Kxb6 54. h4 Ka5 55. g5 hxg5 56. hxg5 1-0

[Event "Mundial Juvenil femenino 2005 s12"]
[Site "Belfort FRA"]
[Date "2005.07.26"]
[Round "7.16"]
[White "Lefevre, Margaux"]
[Black "Pujari, Rucha"]
[Result "0-1"]
[WhiteElo "1599"]
[BlackElo "1833"]
[PlyCount "84"]
[EventDate "2005.07.19"]
[EventType "swiss"]
[EventRounds "11"]
[EventCountry "FRA"]
[Source "lmi"]
[SourceDate "2005.07.31"]

1. e4 e6 2. d4 c5 3. Nf3 cxd4 4. Nxd4 Qb6 5. Nb3 Nf6 6. Bd3 Nc6 7. a3 d5 8. Nc3
Bd7 9. exd5 exd5 10. Bg5 Be6 11. Qe2 O-O-O 12. Bxf6 gxf6 13. O-O-O Ne5 14. h3
d4 15. Ne4 Bxb3 16. cxb3 Qxb3 17. Nxf6 Qe6 18. Ng4 Nxd3+ 19. Qxd3 Kb8 20. Kb1
Bg7 21. Rhe1 Qc6 22. Qg3+ Ka8 23. Rc1 Qg6+ 24. Ka1 d3 25. Red1 d2 26. Rc4 Qa6
27. Rc2 Rd3 28. Qxd3 Qxd3 29. Rcxd2 Qxa3+ 30. Kb1 Qe7 31. Rd7 Qe4+ 32. Ka2 a6
33. f3 Qa4+ 34. Kb1 Rc8 35. R7d2 Qb3 36. Rh1 a5 37. f4 a4 38. Nf2 a3 39. Nd3
a2+ 40. Ka1 Rc2 41. Rhd1 Bxb2+ 42. Nxb2 Qxb2# 0-1

[Event "Mundial Juvenil femenino 2005 s12"]
[Site "Belfort FRA"]
[Date "2005.07.26"]
[Round "7.18"]
[White "Mammadbayova, Farida"]
[Black "Anu, Bayar"]
[Result "1-0"]
[WhiteElo "1599"]
[BlackElo "1599"]
[PlyCount "95"]
[EventDate "2005.07.19"]
[EventType "swiss"]
[EventRounds "11"]
[EventCountry "FRA"]
[Source "lmi"]
[SourceDate "2005.07.31"]

1. e4 c5 2. Nf3 d6 3. d4 cxd4 4. Nxd4 Nf6 5. Nc3 g6 6. Bc4 Bg7 7. f3 O-O 8. Be3
Nc6 9. Qd2 Bd7 10. h4 h5 11. Be2 Rc8 12. O-O-O Ne5 13. Bh6 Bxh6 14. Qxh6 Rxc3
15. bxc3 Qa5 16. Kb2 Rc8 17. Qd2 Qb6+ 18. Nb3 a5 19. Ka1 a4 20. Nd4 Qa5 21. Rb1
Nc4 22. Bxc4 Rxc4 23. Rxb7 Qxc3+ 24. Qxc3 Rxc3 25. Kb2 Rc8 26. Rb1 e6 27. Kc1
Kf8 28. Nb5 Ke7 29. Ra7 Rc4 30. Kd2 d5 31. e5 Ng8 32. Nd6 Rxh4 33. Rbb7 Nf6 34.
exf6+ Kxd6 35. Rxd7+ Ke5 36. Rxf7 Rh2 37. Rf8 Rxg2+ 38. Kd3 Rf2 39. f7 Rxf3+
40. Ke2 Rc3 41. Kd2 Rf3 42. Rg8 Rf2+ 43. Ke1 Rxc2 44. f8=Q Rc1+ 45. Kd2 Rh1 46.
Qb8+ Ke4 47. Rxa4+ Kf5 48. Qf4# 1-0

[Event "Mundial Juvenil femenino 2005 s12"]
[Site "Belfort FRA"]
[Date "2005.07.26"]
[Round "7.19"]
[White "Pereira, Amanda Marques"]
[Black "Castro, Natalia"]
[Result "0-1"]
[WhiteElo "1599"]
[BlackElo "1599"]
[PlyCount "155"]
[EventDate "2005.07.19"]
[EventType "swiss"]
[EventRounds "11"]
[EventCountry "FRA"]
[Source "lmi"]
[SourceDate "2005.07.31"]

1. e4 e5 2. Nf3 Nf6 3. Nxe5 d6 4. Nf3 Nxe4 5. Qe2 Qe7 6. d3 Nf6 7. Nc3 Bg4 8.
Be3 Nc6 9. h3 Bxf3 10. Qxf3 O-O-O 11. O-O-O Ne5 12. Qe2 d5 13. Re1 Nc6 14. d4
Qb4 15. Qb5 a6 16. Qd3 Ne4 17. a3 Qa5 18. Bd2 Nxd2 19. Qxd2 Qb6 20. Rd1 Kb8 21.
Be2 Be7 22. Bf3 Qa5 23. h4 Bf6 24. Ne2 Qxd2+ 25. Rxd2 g5 26. h5 g4 27. Bxg4 Bg5
28. f4 Bf6 29. Bf3 Na5 30. b3 Rhe8 31. Nc3 c6 32. Nd1 b6 33. Nf2 Bh8 34. Ng4 f6
35. Kd1 f5 36. Ne5 Bxe5 37. dxe5 h6 38. Re1 Nb7 39. g4 fxg4 40. Bxg4 Nc5 41.
Bf3 Rf8 42. b4 Rxf4 43. bxc5 Rxf3 44. cxb6 Rxa3 45. Ke2 Kb7 46. Rd3 Rxd3 47.
cxd3 Kxb6 48. e6 Kc7 49. Kf3 Kd6 50. Kf4 Rf8+ 51. Kg4 Ke7 52. Rc1 Rf6 53. Rxc6
Rxe6 54. Rc7+ Kf6 55. Rh7 Ke5 56. Kf3 Kd4 57. Rd7 Re5 58. Kg4 Re6 59. Kf5 Rb6
60. Kg4 Kc5 61. Kf4 Rd6 62. Rb7 Kd4 63. Rb3 a5 64. Ra3 Ra6 65. Kf5 a4 66. Kf4
Kc5 67. Ke5 Kb4 68. Ra1 Ra5 69. Kf6 a3 70. Kg6 Ra6+ 71. Kf5 a2 72. Ke5 Ra5 73.
Kf6 Kc3 74. Kg6 Ra6+ 75. Kg7 Kb2 76. Re1 a1=Q 77. Rxa1 Rxa1 78. d4 0-1

[Event "Mundial Juvenil femenino 2005 s12"]
[Site "Belfort FRA"]
[Date "2005.07.26"]
[Round "7.20"]
[White "Collado Barbas, Laura"]
[Black "Neuhauser, Salome"]
[Result "0-1"]
[WhiteElo "1599"]
[BlackElo "1599"]
[PlyCount "142"]
[EventDate "2005.07.19"]
[EventType "swiss"]
[EventRounds "11"]
[EventCountry "FRA"]
[Source "lmi"]
[SourceDate "2005.07.31"]

1. d4 Nf6 2. c4 c5 3. d5 b5 4. cxb5 a6 5. bxa6 Bxa6 6. Nc3 d6 7. e4 Bxf1 8.
Kxf1 g6 9. f4 Nbd7 10. g3 Bg7 11. Kg2 O-O 12. Nf3 Qa5 13. Qc2 Rfb8 14. h3 Ne8
15. Bd2 Nb6 16. b3 Qa6 17. Rhe1 Nc7 18. a4 Qb7 19. Rab1 Na6 20. Nb5 Nc8 21. Bc3
Bf8 22. Red1 Na7 23. Nxa7 Qxa7 24. e5 Nb4 25. Bxb4 Rxb4 26. exd6 exd6 27. Re1
Qb7 28. Nd2 Qxd5+ 29. Kh2 Rd4 30. Red1 Re8 31. Nf1 Qf3 32. Re1 Rde4 33. Rxe4
Rxe4 34. Rb2 Bg7 35. Ra2 Bc3 36. h4 d5 37. Qf2 Qxf2+ 38. Rxf2 Rb4 39. Rf3 d4
40. Kh3 Kg7 41. a5 Rxb3 42. Nd2 Ra3 43. Ne4 Rxa5 44. Kg2 Ra2+ 45. Kf1 Bb4 46.
f5 c4 47. fxg6 hxg6 48. Ng5 Ra1+ 49. Kf2 d3 50. Rxf7+ Kg8 51. Rd7 d2 52. Rd8+
Kg7 53. Rd7+ Kf6 54. Ne4+ Ke6 55. Rxd2 Bxd2 56. Nxd2 c3 57. Nb3 Ra3 58. Nd4+
Kd5 59. Ne2 Ke4 60. g4 Kd3 61. Nc1+ Kd2 62. Ne2 c2 63. h5 Re3 64. Nc1 Kxc1 65.
Kxe3 Kd1 66. hxg6 c1=Q+ 67. Kf3 Qg5 68. g7 Qxg7 69. Kf4 Ke2 70. g5 Qg6 71. Kg4
Ke3 0-1

[Event "Mundial Juvenil femenino 2005 s12"]
[Site "Belfort FRA"]
[Date "2005.07.27"]
[Round "8.2"]
[White "Cori T., Deysi"]
[Black "Mitra, Hejazipour"]
[Result "1/2-1/2"]
[WhiteElo "2035"]
[BlackElo "1599"]
[PlyCount "163"]
[EventDate "2005.07.19"]
[EventType "swiss"]
[EventRounds "11"]
[EventCountry "FRA"]
[Source "lmi"]
[SourceDate "2005.07.31"]

1. d4 Nf6 2. c4 e6 3. Nf3 Bb4+ 4. Bd2 Qe7 5. e3 O-O 6. Bd3 d5 7. O-O Bxd2 8.
Nbxd2 b6 9. Rc1 dxc4 10. Bxc4 Bb7 11. Qc2 Nbd7 12. Bd3 c5 13. Rfd1 cxd4 14.
exd4 Rac8 15. Qb1 h6 16. Rxc8 Rxc8 17. Rc1 Qd8 18. h3 Nd5 19. Rxc8 Qxc8 20. g3
N7f6 21. Qc2 Qxc2 22. Bxc2 Nb4 23. Bb1 Bd5 24. a3 Nc6 25. Kf1 Ne8 26. Be4 Bxe4
27. Nxe4 Na5 28. Nfd2 Kf8 29. Ke2 Ke7 30. Kd3 Kd7 31. b4 Nb7 32. Nc4 f6 33. Nc3
Nc7 34. Ne3 Nd6 35. a4 Na6 36. Nc2 Nc7 37. Ne3 Na6 38. Nc2 Nc7 39. Ne3 Na6 40.
Na2 Nc7 41. Nc4 Nxc4 42. Kxc4 Nd5 43. Nc1 Kc6 44. Nd3 Kb7 45. Nc1 Kc6 46. Nd3
Kd6 47. Nc1 h5 48. Nb3 Ne7 49. Nd2 Nd5 50. Ne4+ Kc6 51. Nd2 h4 52. gxh4 Nf4 53.
b5+ Kd7 54. f3 Nxh3 55. Nf1 Nf4 56. Ne3 Kd6 57. Ng4 Nh5 58. Ne3 Nf4 59. Ng4 Nd5
60. h5 Ke7 61. h6 gxh6 62. Nxh6 Nf4 63. Ng4 Nd5 64. Nf2 Kf7 65. Ne4 Ke7 66. Nf2
Nf4 67. Ne4 f5 68. Nf2 Kd6 69. Nd1 Nd5 70. Nb2 Nf4 71. Nd1 Ng2 72. Kd3 e5 73.
Ne3 Nf4+ 74. Kc4 Ke6 75. d5+ Kf6 76. d6 Ke6 77. d7 Kxd7 78. Nxf5 Ke6 79. Ne3
Ng6 80. Kd3 Nf4+ 81. Kc4 Nh3 82. f4 1/2-1/2

[Event "Mundial Juvenil femenino 2005 s12"]
[Site "Belfort FRA"]
[Date "2005.07.27"]
[Round "8.3"]
[White "Danelia, Mariam"]
[Black "Petrova, Olga"]
[Result "1/2-1/2"]
[WhiteElo "1991"]
[BlackElo "1599"]
[PlyCount "76"]
[EventDate "2005.07.19"]
[EventType "swiss"]
[EventRounds "11"]
[EventCountry "FRA"]
[Source "lmi"]
[SourceDate "2005.07.31"]

1. d4 Nf6 2. c4 g6 3. Nc3 Bg7 4. e4 O-O 5. f3 d6 6. Be3 e5 7. d5 Nh5 8. Nge2 f5
9. exf5 gxf5 10. Bf2 Nd7 11. Qd2 Qf6 12. O-O-O e4 13. f4 Bh6 14. g3 Ne5 15. Nd4
Ng4 16. Bg1 Bg7 17. Qg2 Qg6 18. Ncb5 Rf7 19. Qc2 Nhf6 20. Kb1 a6 21. Nc3 a5 22.
Ncb5 e3 23. h3 Nf2 24. Bxf2 exf2 25. Ne2 Ne4 26. Qd3 c6 27. dxc6 bxc6 28. Nxd6
Qf6 29. Nc3 Rd7 30. c5 Rb8 31. Kc1 Ba6 32. Qe3 Rxb2 33. Ndxe4 Rxd1+ 34. Nxd1
Rb1+ 35. Kc2 Rb2+ 36. Nxb2 Qxb2+ 37. Kd1 Qb1+ 38. Kd2 Qb2+ 1/2-1/2

[Event "Mundial Juvenil femenino 2005 s12"]
[Site "Belfort FRA"]
[Date "2005.07.27"]
[Round "8.4"]
[White "Lakshmi, Sahiti P"]
[Black "Vo, Thi Kim Phung"]
[Result "1-0"]
[WhiteElo "1984"]
[BlackElo "1599"]
[PlyCount "133"]
[EventDate "2005.07.19"]
[EventType "swiss"]
[EventRounds "11"]
[EventCountry "FRA"]
[Source "lmi"]
[SourceDate "2005.07.31"]

1. e4 e5 2. Nf3 Nc6 3. Bb5 a6 4. Ba4 Nf6 5. O-O b5 6. Bb3 Be7 7. Re1 d6 8. c3
O-O 9. d4 Bg4 10. Be3 Na5 11. Bc2 Nc4 12. Bc1 Re8 13. b3 Nb6 14. h3 Bxf3 15.
Qxf3 c5 16. Nd2 cxd4 17. cxd4 Qc7 18. Bb1 Nbd7 19. Bb2 Qb6 20. Qe3 Nh5 21. Nf3
Rac8 22. Bd3 Bf6 23. Bf1 Rc2 24. Re2 Rxe2 25. Bxe2 Nf4 26. Bf1 Ne6 27. Rd1 exd4
28. Nxd4 Nec5 29. b4 Na4 30. Ba1 d5 31. Qb3 dxe4 32. Nxb5 axb5 33. Rxd7 Re7 34.
Qd5 Rxd7 35. Qxd7 g6 36. Bxf6 Qxf6 37. Qxb5 Nc3 38. Qc5 Nd1 39. Be2 e3 40. f3
Qa1 41. Kh2 Nc3 42. Qxe3 Nd5 43. Qe8+ Kg7 44. Bc4 Qd4 45. Qe4 Qxe4 46. fxe4
Nxb4 47. a4 Nc6 48. Bd5 Na7 49. Kg3 Kf6 50. Kf4 g5+ 51. Kg4 Kg6 52. Kf3 h5 53.
a5 f5 54. e5 Nb5 55. a6 Nd4+ 56. Ke3 Nb5 57. Bc6 Na7 58. Be8+ Kg7 59. Bxh5 Nc6
60. Bf3 Na7 61. Kd4 Kf7 62. Bd5+ Ke7 63. Kc5 f4 64. Kb6 Nc8+ 65. Kb7 Nd6+ 66.
exd6+ Kxd6 67. Bf3 1-0

[Event "Mundial Juvenil femenino 2005 s12"]
[Site "Belfort FRA"]
[Date "2005.07.27"]
[Round "8.5"]
[White "Haast, Anne"]
[Black "Lolici, Iselin"]
[Result "0-1"]
[WhiteElo "1599"]
[BlackElo "2049"]
[PlyCount "54"]
[EventDate "2005.07.19"]
[EventType "swiss"]
[EventRounds "11"]
[EventCountry "FRA"]
[Source "lmi"]
[SourceDate "2005.07.31"]

1. e4 c5 2. Nf3 Nc6 3. d4 cxd4 4. c3 dxc3 5. Nxc3 g6 6. Bc4 Bg7 7. O-O Nf6 8.
Qe2 O-O 9. Rd1 Qc7 10. e5 Ng4 11. Nd5 Qb8 12. Bf4 e6 13. Ne3 Ngxe5 14. Ng4 d6
15. Bb5 Nxf3+ 16. Qxf3 e5 17. Bg5 Nd4 18. Rxd4 exd4 19. Be7 Bxg4 20. Qxg4 Rc8
21. Bd7 Rc2 22. Ba4 Rc5 23. b4 Rc3 24. Bg5 b5 25. Bb3 Qc8 26. Qe4 d3 27. Qd5
Rxb3 0-1

[Event "Mundial Juvenil femenino 2005 s12"]
[Site "Belfort FRA"]
[Date "2005.07.27"]
[Round "8.6"]
[White "Vempati, Gayatri"]
[Black "Suarez Calvo, Alexandra"]
[Result "0-1"]
[WhiteElo "1599"]
[BlackElo "1924"]
[PlyCount "102"]
[EventDate "2005.07.19"]
[EventType "swiss"]
[EventRounds "11"]
[EventCountry "FRA"]
[Source "lmi"]
[SourceDate "2005.07.31"]

1. d4 Nf6 2. c4 c5 3. d5 d6 4. Nc3 g6 5. e4 Bg7 6. Bd3 Na6 7. Nge2 Nc7 8. O-O
O-O 9. Be3 e6 10. dxe6 fxe6 11. Qd2 Qe7 12. Bh6 Bxh6 13. Qxh6 Ng4 14. Qh3 Ne5
15. f4 Nc6 16. Qe3 d5 17. exd5 exd5 18. Qxe7 Nxe7 19. cxd5 Nexd5 20. Rac1 Nxc3
21. Nxc3 Bf5 22. Bxf5 Rxf5 23. Ne4 b6 24. g3 Ne6 25. Rcd1 Nd4 26. Ng5 Rd5 27.
Ne6 Rd6 28. Nxd4 cxd4 29. Rd3 Rc8 30. Rf2 Kf7 31. Rfd2 Ke6 32. Kf2 Rcd8 33. Kf3
Kf5 34. h3 R8d7 35. Rc2 h5 36. Rc4 g5 37. fxg5 Kxg5 38. h4+ Kf5 39. a4 Ke5 40.
b4 Rf6+ 41. Kg2 Ke4 42. Rd1 Ke3 43. b5 Rf2+ 44. Kg1 Ra2 45. Rb4 d3 46. Re1+ Re2
47. Rd1 d2 48. Rb3+ Rd3 49. Rxd3+ Kxd3 50. Kf1 Re4 51. Ra1 Rxa4 0-1

[Event "Mundial Juvenil femenino 2005 s12"]
[Site "Belfort FRA"]
[Date "2005.07.27"]
[Round "8.7"]
[White "Solovyova, Yelyzaveta"]
[Black "Chen, Yidi"]
[Result "1-0"]
[WhiteElo "1921"]
[BlackElo "1599"]
[PlyCount "111"]
[EventDate "2005.07.19"]
[EventType "swiss"]
[EventRounds "11"]
[EventCountry "FRA"]
[Source "lmi"]
[SourceDate "2005.07.31"]

1. e4 c5 2. c3 d5 3. exd5 Qxd5 4. d4 Nc6 5. Nf3 cxd4 6. cxd4 e5 7. Nc3 Bb4 8.
Be3 e4 9. Ng1 Nf6 10. h3 Qf5 11. a3 Ba5 12. Nge2 O-O 13. Ng3 Qg6 14. Bc4 Ne7
15. b4 Bc7 16. Nce2 Nfd5 17. Qd2 Kh8 18. Nf4 Bxf4 19. Bxf4 Be6 20. Be2 Nxf4 21.
Qxf4 f5 22. Bh5 Qf6 23. Qe5 Qxe5 24. dxe5 Nc6 25. f4 exf3 26. Bxf3 Nxe5 27.
Bxb7 Rab8 28. Bf3 Nxf3+ 29. gxf3 Bd5 30. Kf2 Rbc8 31. Rac1 g6 32. Ne2 Bc4 33.
Nd4 Bf7 34. Nb5 Ra8 35. Rc7 a6 36. Nd6 Bg8 37. a4 Rf6 38. Nc8 Be6 39. Ne7 Bb3
40. a5 Rd6 41. Rb1 Ba4 42. Nc8 Rd2+ 43. Ke3 Rh2 44. Ra1 Bb3 45. Nb6 Re8+ 46.
Kf4 Rxh3 47. b5 Be6 48. bxa6 h6 49. a7 g5+ 50. Ke5 Bd5+ 51. Kxd5 Rxf3 52. a8=Q
Rd3+ 53. Kc4 Rxa8 54. Kxd3 Rd8+ 55. Rd7 Re8 56. a6 1-0

[Event "Mundial Juvenil femenino 2005 s12"]
[Site "Belfort FRA"]
[Date "2005.07.27"]
[Round "8.8"]
[White "Pujari, Rucha"]
[Black "Hakimifard, Ghazal"]
[Result "1-0"]
[WhiteElo "1833"]
[BlackElo "1599"]
[PlyCount "137"]
[EventDate "2005.07.19"]
[EventType "swiss"]
[EventRounds "11"]
[EventCountry "FRA"]
[Source "lmi"]
[SourceDate "2005.07.31"]

1. e4 e5 2. Bc4 Nf6 3. d4 Nxe4 4. dxe5 c6 5. Bxf7+ Kxf7 6. Qf3+ Nf6 7. exf6
Qxf6 8. Qb3+ d5 9. Nf3 Bd6 10. Ng5+ Kg8 11. Be3 h6 12. Ne4 Qe7 13. Nbc3 Kh7 14.
Nxd6 Qxd6 15. O-O-O Na6 16. Ne2 Rf8 17. Rhe1 Qb4 18. Qxb4 Nxb4 19. Bc5 Nxa2+
20. Kb1 Rf7 21. Kxa2 b6 22. Be3 Be6 23. Nd4 Re8 24. Bxh6 gxh6 25. Rxe6 Rxe6 26.
Nxe6 Rxf2 27. Nd4 c5 28. Nc6 d4 29. Kb1 Rxg2 30. Nxa7 Rxh2 31. Nc8 b5 32. Nd6
b4 33. Ne4 c4 34. Rxd4 b3 35. cxb3 cxb3 36. Rd1 h5 37. Nc5 Rh3 38. Kc1 h4 39.
Rd3 Rxd3 40. Nxd3 h3 41. Nf2 h2 42. Kd2 Kg6 43. Ke3 Kf5 44. Kf3 Ke5 45. Kg2 Kd4
46. Kxh2 Ke3 47. Nd1+ Kd3 48. Nc3 Kc2 49. Na4 Kd3 50. Kg3 Kc4 51. Kf4 Kd4 52.
Nc3 Kd3 53. Ke5 Kc4 54. Ke6 Kb4 55. Kd5 Ka5 56. Kc4 Kb6 57. Kxb3 Kb7 58. Kc4
Kc6 59. b4 Kb6 60. b5 Kb7 61. Kc5 Kc7 62. b6+ Kb7 63. Ne4 Kb8 64. Kc6 Kc8 65.
b7+ Kb8 66. Nd2 Ka7 67. Kc7 Ka6 68. b8=Q Ka5 69. Qb3 1-0

[Event "Mundial Juvenil femenino 2005 s12"]
[Site "Belfort FRA"]
[Date "2005.07.27"]
[Round "8.9"]
[White "Szabo, Noemi"]
[Black "Mammadbayova, Farida"]
[Result "0-1"]
[WhiteElo "1939"]
[BlackElo "1599"]
[PlyCount "54"]
[EventDate "2005.07.19"]
[EventType "swiss"]
[EventRounds "11"]
[EventCountry "FRA"]
[Source "lmi"]
[SourceDate "2005.07.31"]

1. e4 c6 2. d4 d5 3. Nc3 dxe4 4. Nxe4 Nf6 5. Nxf6+ gxf6 6. Be3 Qc7 7. Nf3 Bg4
8. Be2 e6 9. Qd2 Nd7 10. O-O-O O-O-O 11. h3 Bh5 12. c4 Nb6 13. Qa5 Bxf3 14.
gxf3 Kb8 15. Kb1 Nd5 16. Qd2 Nxe3 17. fxe3 Bh6 18. Rdg1 e5 19. Qc3 exd4 20.
exd4 Rhe8 21. Qc2 Rxd4 22. Qxh7 Rxe2 23. Qxh6 Qb6 24. b3 Qa5 25. Rg8+ Kc7 26.
a4 Qf5+ 27. Ka1 Rd1+ 0-1

[Event "Mundial Juvenil femenino 2005 s12"]
[Site "Belfort FRA"]
[Date "2005.07.27"]
[Round "8.11"]
[White "Neuhauser, Salome"]
[Black "Messina, Roberta"]
[Result "1-0"]
[WhiteElo "1599"]
[BlackElo "1845"]
[PlyCount "87"]
[EventDate "2005.07.19"]
[EventType "swiss"]
[EventRounds "11"]
[EventCountry "FRA"]
[Source "lmi"]
[SourceDate "2005.07.31"]

1. e4 c5 2. Nc3 Nc6 3. f4 e6 4. Nf3 g6 5. Bb5 Nge7 6. e5 a6 7. Ne4 Ng8 8. Bxc6
bxc6 9. d3 d6 10. exd6 Bxd6 11. O-O Nf6 12. Nxf6+ Qxf6 13. Ng5 h6 14. Ne4 Qe7
15. Qf3 O-O 16. Bd2 Kh7 17. Bc3 e5 18. fxe5 Bxe5 19. Nf6+ Qxf6 20. Qxf6 Bxf6
21. Rxf6 Be6 22. Raf1 Kg8 23. a3 Rac8 24. R1f4 Rfd8 25. Rh4 h5 26. h3 Rd5 27.
g4 hxg4 28. hxg4 Rg5 29. Rxe6 fxe6 30. Rh8+ Kf7 31. Rxc8 Rxg4+ 32. Kf2 Rf4+ 33.
Ke3 Rh4 34. Rxc6 Rh3+ 35. Ke2 Rh2+ 36. Kd1 Rh1+ 37. Be1 g5 38. Rxc5 Kf6 39. Ke2
g4 40. Bg3 Rh3 41. Kf2 Rh7 42. Ke3 Rh3 43. Kf4 e5+ 44. Kxg4 1-0

[Event "Mundial Juvenil femenino 2005 s12"]
[Site "Belfort FRA"]
[Date "2005.07.27"]
[Round "8.12"]
[White "Castro, Natalia"]
[Black "Vilce, Andrea"]
[Result "0-1"]
[WhiteElo "1599"]
[BlackElo "1599"]
[PlyCount "118"]
[EventDate "2005.07.19"]
[EventType "swiss"]
[EventRounds "11"]
[EventCountry "FRA"]
[Source "lmi"]
[SourceDate "2005.07.31"]

1. e4 c5 2. Nf3 e6 3. c3 d5 4. exd5 Qxd5 5. d4 Nf6 6. Qa4+ Bd7 7. Qc4 Nc6 8.
Qxd5 Nxd5 9. Be3 cxd4 10. Bxd4 Nxd4 11. Nxd4 Bc5 12. Nb3 Bb6 13. Bc4 Bc6 14.
N1d2 O-O 15. O-O Nf4 16. Nf3 Nh3+ 17. gxh3 Bxf3 18. Nd2 Bc6 19. Be2 Rad8 20.
Rad1 Rd7 21. Nc4 Bc7 22. Rxd7 Bxd7 23. Nd2 Bc6 24. Bf3 Bxf3 25. Nxf3 Rd8 26.
Nd4 Bb6 27. Nf3 Rd3 28. Kg2 f6 29. Re1 Kf7 30. Re4 Rd1 31. Re2 Rd5 32. Rd2 Rxd2
33. Nxd2 Bc7 34. Nb3 Bf4 35. Nd4 Ke7 36. Ne2 Be5 37. Ng3 g6 38. Ne2 Kd7 39. b3
Kc6 40. f4 Bb8 41. Kf3 e5 42. fxe5 Bxe5 43. Kg2 b5 44. h4 Kd5 45. Kf3 Bxh2 46.
Nd4 a6 47. Nc2 a5 48. Ne3+ Kc5 49. b4+ axb4 50. cxb4+ Kxb4 51. Nd5+ Ka3 52.
Nxf6 Kxa2 53. Nxh7 b4 54. Ng5 b3 55. Ne4 b2 56. Kg4 Be5 57. Nd2 Bc3 58. Ne4 Be1
59. Kg5 b1=Q 0-1

[Event "Mundial Juvenil femenino 2005 s12"]
[Site "Belfort FRA"]
[Date "2005.07.27"]
[Round "8.13"]
[White "Bulmaga, Irina"]
[Black "Edes, Zsofia"]
[Result "1-0"]
[WhiteElo "2074"]
[BlackElo "1599"]
[PlyCount "47"]
[EventDate "2005.07.19"]
[EventType "swiss"]
[EventRounds "11"]
[EventCountry "FRA"]
[Source "lmi"]
[SourceDate "2005.07.31"]

1. e4 e5 2. Nf3 Nc6 3. Bc4 Bc5 4. c3 Nf6 5. d3 d6 6. Bb3 O-O 7. Nbd2 a6 8. h3
h6 9. Qe2 b5 10. Nf1 Re8 11. g4 d5 12. Ng3 Bb7 13. g5 dxe4 14. dxe4 hxg5 15.
Bxg5 Na5 16. Rd1 Qe7 17. Nf5 Qf8 18. Bxf6 gxf6 19. Rg1+ Kh8 20. Nxe5 Bxf2+ 21.
Qxf2 Qh6 22. Nxh6 Rg8 23. Nhxf7+ Kh7 24. Qh4# 1-0

[Event "Mundial Juvenil femenino 2005 s12"]
[Site "Belfort FRA"]
[Date "2005.07.27"]
[Round "8.14"]
[White "Smith, Stephanie"]
[Black "Pavlidou, Ekaterini"]
[Result "1/2-1/2"]
[WhiteElo "1599"]
[BlackElo "1970"]
[PlyCount "77"]
[EventDate "2005.07.19"]
[EventType "swiss"]
[EventRounds "11"]
[EventCountry "FRA"]
[Source "lmi"]
[SourceDate "2005.07.31"]

1. d4 Nf6 2. Nf3 e6 3. Bf4 b6 4. e3 Bb7 5. Nbd2 d6 6. Bd3 Nbd7 7. c3 Be7 8. Qc2
c5 9. Nc4 Qc7 10. Rd1 O-O 11. dxc5 Nxc5 12. Bxd6 Nxd3+ 13. Qxd3 Bxd6 14. Nxd6
Rad8 15. Nb5 Qb8 16. Qc2 a6 17. Nbd4 e5 18. Nb3 Ng4 19. Ng5 g6 20. h3 Bxg2 21.
Rg1 Qb7 22. hxg4 h6 23. e4 Rxd1+ 24. Kxd1 Qd7+ 25. Ke1 Qxg4 26. f3 Qxg5 27.
Rxg2 Qe3+ 28. Qe2 Qf4 29. Rg4 Qf6 30. Rg3 Qf4 31. Kf2 Rd8 32. Qxa6 Rd1 33. Qxb6
Rh1 34. Rg2 Qh4+ 35. Ke2 Qe1+ 36. Kd3 Qb1+ 37. Ke3 Qe1+ 38. Kd3 Qb1+ 39. Ke3
1/2-1/2